Điện thanh và phát thanh

Đã lưu trong:
Bibliografiske detaljer
Hovedforfatter: V N Baburkin
Format: Bog
Sprog:Undetermined
Udgivet: Hà Nội ĐH và THCN 1985
Fag:
Tags: Tilføj Tag
Ingen Tags, Vær først til at tagge denne postø!
Thư viện lưu trữ: Trung tâm Học liệu Trường Đại học Cần Thơ
LEADER 00563nam a2200181Ia 4500
001 CTU_14197
008 210402s9999 xx 000 0 und d
082 |a 621.384 
082 |b B112 
100 |a V N Baburkin 
245 0 |a Điện thanh và phát thanh 
245 0 |c V N Baburkin, G S Ghenzen; Dịch giả: Lê Cường 
260 |a Hà Nội 
260 |b ĐH và THCN 
260 |c 1985 
650 |a electric apparatus and appliances 
904 |i Nguyễn Quang Điền, 961230 
980 |a Trung tâm Học liệu Trường Đại học Cần Thơ